000
00330 a2200145 4500
001
149375
040
_c
Escola São Tomás de Aquino
100
_a
CARRASCO, Walcyr
240
1
0
_a
O menino narigudo
_l
por
245
1
0
_a
O menino narigudo
300
_a
80
362
0
_a
2007
697
_a
*LITERATURA INFANTO JUVENIL
942
_c
BK
999
_c
149375
_d
149375